Normal view
MARC view
- Money and the machine age
Entry Topical Term
001 - CONTROL NUMBER
- control field: 109833
003 - CONTROL NUMBER IDENTIFIER
- control field: NUST
005 - DATE AND TIME OF LATEST TRANSACTION
- control field: 20230306113850.0
008 - FIXED-LENGTH DATA ELEMENTS
- fixed length control field: 230306|| aca||aabn | a|a d
040 ## - CATALOGING SOURCE
- Original cataloging agency: NUST
- Transcribing agency: NUST
150 ## - HEADING--TOPICAL TERM
- Topical term or geographic name entry element: Money and the machine age
670 ## - SOURCE DATA FOUND
- Source citation: Work cat.: (NUST)184605: Wyatt, Thomas William 109832, Money and the machine age /, 1937
